000 00767nam a22002057a 4500
005 20210616153809.0
008 210317b ag ||||| |||| 00| 0 spa d
020 _a9506792933
050 0 4 _aK3400
_bA36 2001
245 0 3 _aLa administración de justicia
_b: en los albores del tercer milenio
_c/ compiladores, Ana Messuti, Julio Andrés Sampedro Arrubla ; prefacio Luigi Ferrajoli
250 _a1a ed.
260 _aBuenos Aires, Argentina :
_bEditorial Universidad,
_c2001
300 _a363 p. ;
_c23 cm.
650 7 _2lemb
_aDerecho administrativo
650 7 _2lemb
_aAdmnistración de justicia
700 1 _aMessuti, Ana,
_dcompilador
700 1 _aSampedro Arrubla, Julio Andrés
_ecompilador
700 1 _aFerrajoli, Luigi
_eprefacio
942 _2lcc
_cLIB
999 _c126607
_d126607